[Event "Mechanics' Alan Benson TNM; G/2"]
[Site "San Francisco"]
[Date "2016.08.16"]
[Round "3.2"]
[White "Doyle, Bryon"]
[Black "O’Connor, Derek"]
[Result "1-0"]
[WhiteElo "2209"]
[BlackElo "2094"]
[Annotator "Donaldson"]
[PlyCount "35"]
[EventDate "2016.??.??"]

1. e4 c6 2. d4 d5 3. exd5 cxd5 4. c4 Nf6 5. Nc3 e6 6. Bf4 Nc6 7. c5 Be7 8. Nf3
Ne4 9. Bb5 O-O 10. O-O Bd7 11. Rc1 Qe8 12. Re1 Nxc3 13. Rxc3 Nxd4 14. Nxd4 Bxb5
15. Rh3 g6 16. Be5 Bd7 $4 {Diagram [#]} (16... f6 17. Bd6 Bxd6 18. Nxe6 Be5 19.
Nxf8 Qxf8 20. Qxd5+ Qf7 21. Qxf7+ Kxf7 22. Rxh7+ Kg8 23. Rxb7 Bc6 24. Rb3 Rd8 {
leads to an endgame which is hard to assess, as Black's activepiecescompensate
for White's extra material.}) 17. Qh5 $1 gxh5 18. Rg3+ 1-0

[Event "Mechanics' Alan Benson TNM; G/2"]
[Site "San Francisco"]
[Date "2016.08.02"]
[Round "1.3"]
[White "Doyle, Bryon"]
[Black "Rakonitz, David"]
[Result "1-0"]
[WhiteElo "2209"]
[BlackElo "1646"]
[PlyCount "45"]
[EventDate "2016.??.??"]

1. e4 e6 2. d4 d5 3. Nc3 dxe4 4. Nxe4 Nd7 5. Nf3 Ngf6 6. Bg5 Be7 7. Bxf6 Nxf6
8. Bd3 Bd7 9. Ne5 O-O 10. Qe2 Rb8 11. h4 Nd5 12. Ng5 f5 13. Qh5 Nf6 14. Qe2 c5
15. Nxd7 Qa5+ 16. c3 Nxd7 17. Qxe6+ Kh8 18. Nf7+ Rxf7 19. Qxf7 Nf6 20. O-O Qc7
21. Rae1 Ng4 22. f4 Bd6 23. Re8+ 1-0

[Event "Mechanics' Spring TNM; G/2"]
[Site "San Francisco"]
[Date "2016.04.05"]
[Round "4.2"]
[White "Doyle, Bryon"]
[Black "Winslow, Elliott C"]
[Result "0-1"]
[WhiteElo "2206"]
[BlackElo "2295"]
[Annotator "Winslow"]
[PlyCount "68"]
[EventDate "2016.??.??"]

1. e4 c5 2. a3 {(John tells me this is the Bevkov Gambit (Bezgodov - a Russian
Grandmaster who has written a book on 2.a3 - Editor) or something, but I
prefer the Jimi Hendrix Gambit (Little Wing? Never mind...)) 2040 games} (2.
Nf3 {1,200, 565 games}) (2. Nc3 {168,743 games}) (2. c3 {123,392 games}) (2. d4
{36,378 games}) (2. f4 {20,017 games}) (2. d3 {11,288 games}) (2. c4 {
10,774 games}) (2. Bc4 {10,309 games}) (2. b3 {9613 games}) (2. Ne2 {6568 games
}) (2. g3 {6117 games}) (2. b4 {5213 games}) (2. a3 {2040 games}) (2. Na3 {
965 games}) ({and here the frequencies (and %s!) drop precipitiously.} 2. Be2 {
270}) (2. Bb5 {268}) (2. e5 {177}) (2. Qh5 {158}) (2. Qf3 {122}) (2. Qe2 {99})
(2. f3 {63}) (2. h3 {61}) (2. a4 {[%emt 0:00:53]}) (2. Bd3 {[%emt 0:00:50]}) (
2. Nh3 {[%emt 0:00:26]}) (2. g4 {[%emt 0:00:10]}) (2. h4 {[%emt 0:00:09]}) (2.
Qg4 {[%emt 0:00:02]}) ({Oh, and *one* game that went like this:} 2. Ke2 d6 3.
Ke3 e5 4. f3 Qg5+ 5. Ke2 b6 6. d3 Nc6 7. Bxg5 {and White won.}) 2... e6 ({
If someone does it again I might play} 2... g6 {next time.}) 3. b4 d5 (3...
cxb4 4. axb4 Bxb4 5. Bb2 Nf6 6. e5 Nd5 7. c4 (7. Qg4 Bf8 $5 (7... O-O 8. Bd3))
7... Ne7 (7... Nc7 8. Qh5 Nc6 9. Nf3 O-O 10. Bd3 $36) 8. Qg4 Nf5 {'?!': 1-0 (29
) Mamedyarov,S (2660)-Schacher,G (2246) Izmir 2004 CBM 104 [Bangiev]} (8... Ng6
$5 {Schwarz sollte bestrebt sein, die Kontrolle Ã1/4ber den e5-Raum wieder
herzustellen.} 9. h4 (9. Bd3 Nc6 10. Nf3 d6 $1) 9... h5 10. Qg3 (10. Qe2 Nc6
11. Nf3 d6 12. exd6 Qxd6) 10... Nc6 11. Bd3 Rh6 12. Nf3 d6 $1)) 4. exd5 exd5 5.
Bb5+ Nc6 6. Qe2+ Be6 7. Nf3 cxb4 $6 (7... Nf6 8. O-O Bd6) 8. axb4 Bxb4 9. Nd4
Qd7 10. Bb2 Kf8 11. Nxe6+ {
He has a long line in mind -- but it leads to a hard-to-evaluate ending.} ({
I just expected} 11. O-O {when I wasn't so happy with my pawn grab.}) 11...
Qxe6 12. Qxe6 fxe6 13. Bxc6 bxc6 14. Ra6 Ne7 15. Bd4 Bd6 16. Nc3 (16. Rxa7 Rxa7
17. Bxa7 c5 (17... Kf7 18. Ke2 Ra8 19. Be3 e5) 18. Nc3 Nc8 19. Nb5 Ke7 20. Ke2
(20. Nxd6 $4 Nxa7) 20... Nxa7 21. Nxa7 Ra8 22. Nb5 Be5 {is still uncomfortable}
) 16... e5 17. Be3 Kf7 18. Bg5 $2 (18. O-O) (18. Ke2 h6 19. Bxa7) 18... Rhc8 (
18... Rhb8 19. O-O Rb6 20. Rfa1 Rxa6 21. Rxa6 Rb8 22. Kf1 Rb2) (18... Nf5 19.
Rxc6 Ke6 20. Ra6 h6) 19. Bxe7 Kxe7 20. Ke2 Rc7 (20... e4 $1) 21. Rb1 (21. f3 $1
) 21... e4 $1 22. d3 exd3+ 23. Kxd3 Rf8 24. Ke2 Bc5 25. f3 Kf7 26. Na4 Re8+ 27.
Kd3 Bd6 28. g3 h5 $5 29. Nc3 Be5 30. Re1 {
Now in his time pressure I gambled a bit.} c5 $2 (30... g5 31. f4 gxf4 32. gxf4
Bxc3 33. Rxe8 Kxe8 34. Kxc3 Ke7 35. Kd4 Kd6) 31. Nxd5 $4 (31. Nb5 Rd7 (31...
c4+ 32. Kd2 Rc5 33. f4 Bxf4+ 34. gxf4 Rxb5 35. Rxa7+ Kf8 36. Rxe8+ Kxe8 37.
Rxg7 d4 $11) 32. f4 Bf6 33. Rxe8 c4+ 34. Kd2 Kxe8 35. Nxa7 $11) 31... c4+ 32.
Ke4 $6 (32. Kd2 Rd7 33. Ra5 Bc3+ 34. Kxc3 Rxe1 35. Nf4 Re3+ 36. Kxc4 Rxf3 {
goes -+ after a bit.}) 32... Bxg3+ 33. Kf5 Rxe1 34. Nxc7 $2 (34. hxg3 Rc5 35.
Rd6 Rd1 36. Ke4 Rcxd5 37. Rxd5 Rxd5 38. Kxd5 g5 {
is the human (me) locking up the win.}) 34... Re5# 0-1

[Event "Mechanics' Fall TNM; G/2"]
[Site "San Francisco"]
[Date "2016.11.15"]
[Round "5.33"]
[White "Drane, Robert W"]
[Black "Adams, Sophie"]
[Result "1-0"]
[WhiteElo "1953"]
[BlackElo "1224"]
[PlyCount "61"]
[EventDate "2016.??.??"]

1. e4 e5 2. Bc4 Nf6 3. d3 Nc6 4. Nc3 d6 5. f4 exf4 6. Bxf4 Be7 7. Nf3 O-O 8.
Qe2 Na5 9. Bb3 Nxb3 10. axb3 Be6 11. O-O h6 12. h3 a6 13. Nd4 Bd7 14. Rae1 Re8
15. Qd2 Kh7 16. Rf3 Nh5 17. Be3 Bf6 18. Ref1 g5 19. Nd5 Bxd4 20. Bxd4 Be6 21.
g4 Bxd5 22. exd5 Nf4 23. Be3 Nxd5 24. Rxf7+ Kg6 25. Bd4 Rg8 26. Qg2 Nf4 27.
R7xf4 gxf4 28. Qe4+ Kg5 29. Qf5+ Kh4 30. Bf6+ Kxh3 31. Qh5+ 1-0

[Event "Mechanics' Summer TNM; G/2"]
[Site "San Francisco"]
[Date "2016.05.31"]
[Round "2.23"]
[White "Drane, Robert W"]
[Black "Bacus, Ephraim"]
[Result "1-0"]
[WhiteElo "2012"]
[BlackElo "1836"]
[PlyCount "43"]
[EventDate "2016.??.??"]

1. e4 e5 2. Bc4 g6 3. f4 Nf6 4. fxe5 d5 5. exd5 Nxd5 6. Nf3 Bg7 7. d4 O-O 8.
O-O Nc6 9. Bg5 Qd7 10. c3 Na5 11. Bd3 b5 12. Qe2 a6 13. Nbd2 Qg4 14. Ne4 Nb7
15. h3 Qe6 16. c4 Nb4 17. d5 Qd7 18. Nf6+ Bxf6 19. Bxf6 h6 {Diagram [#]} 20.
Qd2 $1 Kh7 21. Ng5+ (21. Qxb4) 21... hxg5 22. Qxg5 1-0

[Event "Mechanics' Summer TNM; G/2"]
[Site "San Francisco"]
[Date "2016.06.28"]
[Round "6.19"]
[White "Drane, Robert W"]
[Black "Chan, John"]
[Result "1-0"]
[WhiteElo "2012"]
[BlackElo "1578"]
[Annotator "Donaldson"]
[PlyCount "81"]
[EventDate "2016.??.??"]

1. e4 e6 2. d4 d5 3. Nc3 c6 4. e5 Nd7 5. f4 g6 6. Nf3 h6 7. Bd3 a6 8. Ne2 b5 9.
c3 c5 10. Be3 c4 11. Bc2 Bb7 12. a3 a5 13. Ng3 Be7 14. Qb1 Nf8 15. O-O Bh4 16.
Bf2 Bxg3 17. hxg3 Ne7 18. g4 Qc7 19. b3 Bc6 20. bxc4 dxc4 21. Be4 Rb8 22. Bxc6+
Qxc6 23. Nd2 Nd5 24. Ne4 Nd7 25. Nd6+ Kf8 26. Qc1 Kg7 27. f5 Rhf8 28. Be3 Nxe3
29. Qxe3 Nb6 30. f6+ Kh7 31. Kf2 Nd5 32. Qf3 b4 33. Rh1 bxc3 {Diagram [#]} 34.
Rxh6+ $1 Kg8 35. Ra2 (35. Qh3 Rb2+ 36. Kg1 Rxg2+ 37. Kh1 $18) 35... Qb6 36. Qe4
(36. Qh3 Qxd4+) (36. Nb5 $1 Qxb5 37. Qh3 $18) 36... Qb1 37. Kg3 $2 (37. Ra1 $1
Qxa1 (37... Qxe4 38. Nxe4 $18) 38. Rxg6+) 37... Qxe4 38. Nxe4 Rb1 39. Rc2 Rb2
$4 (39... Rfb8 $1) 40. Rc1 c2 41. Rch1 1-0

[Event "Mechanics' Alan Benson TNM; G/2"]
[Site "San Francisco"]
[Date "2016.08.16"]
[Round "3.18"]
[White "Drane, Robert W"]
[Black "Furukawa, Jon"]
[Result "1-0"]
[WhiteElo "1953"]
[BlackElo "1611"]
[PlyCount "47"]
[EventDate "2016.??.??"]

1. e4 e5 2. Bc4 Nf6 3. d3 Nc6 4. Nc3 Bb4 5. Nge2 O-O 6. a3 Bxc3+ 7. Nxc3 h6 8.
f4 d6 9. f5 Nd4 10. g4 Nh7 11. h4 c6 12. g5 Nxf5 13. exf5 Bxf5 14. Qf3 d5 15.
Qxf5 dxc4 16. Ne4 cxd3 17. cxd3 g6 18. Qf3 h5 19. Bd2 f5 20. gxf6 Nxf6 21. Bb4
Rf7 22. Rf1 Kg7 23. Ng5 Qd4 24. Ne6+ 1-0

[Event "Mechanics' Spring TNM; G/2"]
[Site "San Francisco"]
[Date "2016.03.22"]
[Round "2.23"]
[White "Drane, Robert W"]
[Black "Hilliard, Michael"]
[Result "1-0"]
[WhiteElo "2012"]
[BlackElo "1400"]
[Annotator "Donaldson"]
[PlyCount "103"]
[EventDate "2016.??.??"]

1. e4 c6 2. d4 d5 3. Nc3 dxe4 4. Nxe4 Nd7 5. Nf3 Ngf6 6. Ng3 e6 7. Bf4 Nb6 8.
Bd3 Nbd5 9. Bd2 c5 10. c3 cxd4 11. cxd4 Bb4 12. Bxb4 Nxb4 13. Qa4+ Nc6 14. Ne5
Qxd4 15. Qxd4 Nxd4 16. Rd1 Nc6 17. Bb5 Bd7 18. Nxd7 Nxd7 19. Ne4 Rb8 20. Nd6+
Ke7 21. Nxb7 Nce5 22. Nd6 Rb6 23. Bxd7 Nxd7 24. Nc4 Rb5 25. b3 Ne5 26. Rd4 Rd8
27. Rxd8 Kxd8 28. Nxe5 Rxe5+ 29. Kd2 a5 30. Rd1 Rd5+ 31. Ke2 Rxd1 32. Kxd1 Kc7
33. Kd2 Kc6 34. Kd3 Kd5 35. a3 e5 36. f3 f5 37. h4 g6 38. g3 h5 39. Ke3 Kc5 40.
Kd3 Kd5 41. Kc3 (41. b4 a4 42. Kc3 Kd6 43. Kc4 Kc6 44. b5+ $4 (44. Kd3 $11) (
44. Kc3 $11) 44... Kb6 45. Kd5 (45. Kb4 e4 $19) 45... Kxb5 46. Kxe5 Kc4 47. Kf6
Kb3 48. Kxg6 Kxa3 49. Kxh5 Kb4 50. Kg6 a3 51. h5 a2 52. h6 a1=Q $19) 41... e4
$4 (41... Kc5 $11) 42. fxe4+ fxe4 43. b4 axb4+ 44. axb4 e3 45. Kd3 e2 46. Kxe2
Kc4 47. Ke3 Kxb4 48. Ke4 Kc5 49. Ke5 Kc6 50. Kf6 Kd7 51. Kxg6 Ke7 52. Kxh5 1-0

[Event "Mechanics' Spring TNM; G/2"]
[Site "San Francisco"]
[Date "2016.04.05"]
[Round "4.22"]
[White "Drane, Robert W"]
[Black "Morgan, Jerry Dugl"]
[Result "1-0"]
[WhiteElo "2012"]
[BlackElo "1653"]
[PlyCount "89"]
[EventDate "2016.??.??"]

1. e4 c6 2. d4 d5 3. e5 c5 4. dxc5 Nc6 5. Bb5 e6 6. Bxc6+ bxc6 7. Qd4 Ne7 8. g4
Ba6 9. Bg5 Qa5+ 10. b4 Qb5 11. Nd2 Ng6 12. a4 Qb8 13. Ngf3 h6 14. Be3 Be7 15.
h4 f6 16. Bf4 Nxf4 17. Qxf4 O-O 18. Rb1 fxe5 19. Qxe5 Bc8 20. Qxb8 Rxb8 21. Ne5
Rf4 22. Nxc6 Rb7 23. Nxe7+ Rxe7 24. f3 e5 25. Rg1 e4 26. fxe4 Bxg4 27. Rb3 dxe4
28. Rf1 Rf6 29. Re3 Bf5 30. Rf4 g5 31. hxg5 hxg5 32. Rf2 Kf7 33. Nc4 Kg6 34.
Nd6 Re5 35. Nxf5 Rexf5 36. Rxf5 Kxf5 37. b5 Kf4 38. Kf2 Ke5+ 39. Ke2 Kd5 40. c6
Kd6 41. a5 Kc7 42. Rb3 Rf3 43. Rxf3 exf3+ 44. Kxf3 a6 45. c4 1-0

[Event "Mechanics' Alan Benson TNM; G/2"]
[Site "San Francisco"]
[Date "2016.09.20"]
[Round "8.22"]
[White "Drane, Robert W"]
[Black "Rakonitz, David"]
[Result "0-1"]
[WhiteElo "1953"]
[BlackElo "1646"]
[PlyCount "97"]
[EventDate "2016.??.??"]

1. e4 e6 2. b3 d5 3. Bb2 dxe4 4. Nc3 Nf6 5. Qe2 Be7 6. O-O-O O-O 7. Nxe4 Nc6 8.
d4 a5 9. a3 a4 10. Nc5 axb3 11. cxb3 b6 12. Na4 Qd5 13. Qf3 Bb7 14. Qxd5 Nxd5
15. Bb5 Bd6 16. Ne2 Nce7 17. Rhg1 Bc6 18. Bxc6 Nxc6 19. g3 Na5 20. Kc2 Nb7 21.
Ra1 Rfc8 22. Nac3 Nf6 23. f3 Nd8 24. b4 Nc6 25. Rgc1 Ne7 26. Nb5 Ned5 27. Nxd6
cxd6+ 28. Kd3 Kf8 29. Rxc8+ Rxc8 30. Rc1 Rxc1 31. Bxc1 b5 32. Nc3 Nxc3 33. Kxc3
Nd5+ 34. Kb3 Nb6 35. Bf4 Ke7 36. Bd2 Kd7 37. h4 h5 38. Be3 d5 39. Bf4 Kc6 40.
g4 g6 41. Bb8 Kb7 42. Bd6 Kc6 43. Bc5 Nc4 44. gxh5 gxh5 45. f4 Nd2+ 46. Kc2 Nf3
47. Kb3 Nxh4 48. a4 Nf5 49. a5 {Both sides quit recording at this point.
Either 49...Kb7 or 49...h4 were likely played and won quickly.} 0-1

[Event "Mechanics' Alan Benson TNM; G/2"]
[Site "San Francisco"]
[Date "2016.08.02"]
[Round "1.20"]
[White "Drane, Robert W"]
[Black "Revi, Frank"]
[Result "1-0"]
[WhiteElo "1953"]
[BlackElo "1387"]
[Annotator "Donaldson"]
[PlyCount "53"]
[EventDate "2016.??.??"]

1. e4 c5 2. Nf3 Nc6 3. Bb5 Qc7 4. O-O d6 5. d4 (5. c3) 5... cxd4 6. Qxd4 e5 7.
Qd3 Nf6 8. Nc3 Bd7 9. Bg5 Be7 10. Rad1 Nb4 11. Qd2 Bxb5 12. Nxb5 Qc6 13. Qxb4
Rd8 14. Bxf6 gxf6 15. Nh4 d5 16. exd5 Rxd5 17. Qc3 Qxb5 18. Nf5 Rc5 19. Qd2 Qc6
20. c3 Rg8 21. f3 Rc4 22. Rfe1 Bc5+ 23. Kh1 Qc8 24. b3 Rf4 25. Qxf4 Rg5 26.
Rxe5+ fxe5 27. Qxg5 1-0

[Event "Mechanics' Summer TNM; G/2"]
[Site "San Francisco"]
[Date "2016.06.14"]
[Round "4.19"]
[White "Drane, Robert W"]
[Black "Sherwood, Peter"]
[Result "0-1"]
[WhiteElo "2012"]
[BlackElo "1672"]
[Annotator "Donaldson"]
[PlyCount "82"]
[EventDate "2016.??.??"]

1. e4 c5 2. Nf3 d6 3. Bb5+ Bd7 4. Bxd7+ Qxd7 5. c4 Nf6 6. Nc3 g6 7. d4 cxd4 8.
Nxd4 Bg7 9. f3 O-O 10. Be3 Nc6 11. Rc1 Rac8 (11... Rfc8 12. b3 a6 13. O-O Qd8
14. Qd2 Qa5 {aiming for ...b5 after ...Nxd4 (possibility supported by ...Rab8).
}) 12. Nde2 {White retreats to keep Black cramped ( no ...Nxd4).} Rc7 $2 (12...
Rfd8 13. O-O e6 {
aiming for ...d5. To combat the Maroczy Bind with ...b5 and .. .d5.}) 13. b3
Qc8 14. Qd2 a6 15. g4 $6 (15. O-O $16) 15... Ne5 16. O-O Nfxg4 $5 {Objectively
this should not work, but it is a much better practical choice to mix it up
than get slowly ground down with no counterplay.} 17. Nd5 $6 (17. fxg4 Qxg4+
18. Kh1 $18) 17... Nxe3 18. Qxe3 Qh3 19. Nef4 Qd7 20. Nxc7 Qxc7 21. Nd5 Qd7 22.
Kg2 f5 $5 (22... e6 23. Nc3 Nc6 24. Rcd1 $16) 23. h3 $6 (23. exf5) 23... f4 24.
Qd2 (24. Qb6) 24... g5 25. Kh1 $2 (25. c5 $16) 25... Qxh3+ 26. Qh2 Qxh2+ 27.
Kxh2 Kf7 28. c5 Nd3 29. Rc2 $2 (29. cxd6 Nxc1 30. Rxc1 exd6 31. Rc7+ Kg6 $11)
29... Nxc5 $19 30. b4 Ne6 31. Rfc1 Nd4 32. Rc7 Bf6 (32... Nxf3+ 33. Kg2 Nh4+
34. Kf2 Ng6 $19) 33. Rxb7 (33. Kg2) 33... Nxf3+ 34. Kg2 Nd2 35. Nxf6 Kxf6 36.
e5+ dxe5 37. Rc6+ Kf5 38. Rxe7 h5 39. Rc5 f3+ 40. Kh2 f2 41. Rexe5+ Kf4 0-1

[Event "Mechanics' Summer TNM; G/2"]
[Site "San Francisco"]
[Date "2016.07.12"]
[Round "8.11"]
[White "Drane, Robert W"]
[Black "Shi, Jaysen"]
[Result "0-1"]
[WhiteElo "2012"]
[BlackElo "1867"]
[Annotator "Donaldson"]
[PlyCount "52"]
[EventDate "2016.??.??"]

1. e4 e6 2. b3 d5 3. Bb2 dxe4 4. Nc3 Nf6 5. Qe2 Be7 6. Nh3 Nc6 7. O-O-O O-O 8.
Ng5 Nd4 9. Qe1 Nd5 10. Qxe4 (10. Ngxe4 $2 Nb4 $1 $19) 10... Nxb3+ 11. axb3 Bxg5
12. Bc4 c6 13. g3 Bf6 14. d4 a5 15. Bd3 g6 16. h4 Bg7 17. f4 (17. h5) 17... f5
18. Qe2 (18. Qe1 Bxd4 19. Bxf5 Bxc3 20. Bxe6+) 18... Bxd4 19. Na4 $2 (19. Nxd5
Bxb2+ 20. Kxb2 exd5 21. h5) 19... Bxb2+ 20. Nxb2 Nc3 21. Qe5 Nxd1 22. Rxd1 Qf6
23. Qe3 b5 24. c4 Qc3+ 25. Kb1 Qxb3 26. cxb5 a4 0-1

[Event "Mechanics' Spring TNM; G/2"]
[Site "San Francisco"]
[Date "2016.04.26"]
[Round "7.21"]
[White "Drane, Robert W"]
[Black "Touset, Stephen Ka"]
[Result "1-0"]
[WhiteElo "2012"]
[BlackElo "1152"]
[PlyCount "107"]
[EventDate "2016.??.??"]

1. e4 d6 2. d4 Nf6 3. Nc3 e5 4. Nf3 exd4 5. Nxd4 Be7 6. Bd3 O-O 7. Be3 Nbd7 8.
f3 Nc5 9. Bc4 c6 10. b4 Ne6 11. Nf5 d5 12. Nxe7+ Qxe7 13. exd5 Qxb4 14. Qd3
cxd5 15. Bb3 d4 16. Bxe6 dxe3 17. Rb1 Qe7 18. Bxc8 Raxc8 19. Rb5 Rfd8 20. Nd5
Nxd5 21. Rxd5 Qb4+ 22. Ke2 Rxd5 23. Qxd5 Rxc2+ 24. Kxe3 Rc3+ 25. Kf2 Qb2+ 26.
Kg3 Qb6 27. Re1 Qg6+ 28. Kh3 h6 29. Qxb7 Rc2 30. g4 Qd6 31. Re8+ Kh7 32. Qe4+
Qg6 33. Qxg6+ Kxg6 34. a4 Ra2 35. Re4 Kf6 36. Kg3 g5 37. h4 Rd2 38. Rc4 Ke6 39.
Rb4 Rd3 40. hxg5 hxg5 41. Rc4 f6 42. Kf2 Rb3 43. Rc7 Rb2+ 44. Kg3 a5 45. Ra7
Rb3 46. Rxa5 Ra3 47. Kf2 Kd6 48. Ra6+ Ke5 49. Kg3 Rb3 50. a5 Ra3 51. Ra8 Kd6
52. a6 Ke7 53. a7 Kf7 54. Rh8 1-0

[Event "Mechanics' Fall TNM; G/2"]
[Site "San Francisco"]
[Date "2016.10.25"]
[Round "2.22"]
[White "Drane, Robert W"]
[Black "Touset, Stephen Ka"]
[Result "0-1"]
[WhiteElo "1953"]
[BlackElo "1469"]
[PlyCount "56"]
[EventDate "2016.??.??"]

1. e4 d6 2. d4 Nf6 3. Bd3 e5 4. c3 Be7 5. Nf3 Bg4 6. Nbd2 Nbd7 7. h3 Bh5 8. Nf1
Bg6 9. dxe5 dxe5 10. Ng3 Nc5 11. Nxe5 Nxd3+ 12. Nxd3 Nxe4 13. Qa4+ c6 14. Ne5
Nxg3 15. Nxg6 fxg6 16. fxg3 O-O 17. Bd2 Qd3 18. O-O-O Qxg3 19. Qb3+ Kh8 20.
Qxb7 Bg5 21. Qxc6 Rad8 22. Qc5 Bxd2+ 23. Rxd2 Qf4 24. Rhd1 Rf5 25. Qf2 $4 Qxf2
26. Rxd8+ Rf8 27. R8d2 Qf4 28. Kc2 h6 0-1

[Event "Mechanics' Alan Benson TNM; G/2"]
[Site "San Francisco"]
[Date "2016.09.06"]
[Round "6.20"]
[White "Drane, Robert W"]
[Black "Yang, Eric"]
[Result "1-0"]
[WhiteElo "1953"]
[BlackElo "1851"]
[PlyCount "61"]
[EventDate "2016.??.??"]

1. e4 e5 2. Bc4 Nf6 3. d3 Bc5 4. Nc3 O-O 5. f4 exf4 6. Nf3 c6 7. d4 Bb4 8. Bd3
Nxe4 9. Bxe4 Bxc3+ 10. bxc3 Re8 11. Ne5 d6 12. Qf3 dxe5 13. dxe5 Qh4+ 14. g3
Qg4 15. Qd3 Na6 16. Bxf4 Nc5 17. Bxh7+ Kh8 18. Qe3 Kxh7 19. Qxc5 Qf3 20. Rf1
Qe4+ 21. Kf2 Bh3 22. Rg1 Qxc2+ 23. Kf3 Rad8 24. Rae1 Rd3+ 25. Re3 Rd2 26. g4
Rf2+ 27. Kg3 Rxh2 28. Kh4 Qf2+ 29. Kg5 Qxg1 30. Rxh3+ Rxh3 31. Qxg1 1-0

[Event "Mechanics' Fall TNM; G/2"]
[Site "San Francisco"]
[Date "2016.11.29"]
[Round "7.19"]
[White "Drane, Robert W"]
[Black "Yanofsky, Kevin"]
[Result "1-0"]
[WhiteElo "1953"]
[BlackElo "1694"]
[Annotator "Donaldson"]
[PlyCount "93"]
[EventDate "2016.??.??"]

1. e4 c5 2. Nf3 g6 3. d4 cxd4 4. Qxd4 Nf6 5. Nc3 Nc6 6. Qa4 d6 7. e5 dxe5 8.
Nxe5 Bd7 9. Nxd7 Nxd7 10. Be3 a6 11. Rd1 b5 12. Qe4 Qc7 13. Nd5 Qb7 14. Bb6 Rc8
15. Bd4 Rg8 16. Be2 Qa8 {Diagram [#]} 17. Bg4 $1 f5 18. Qe6 Nxd4 19. Rxd4 Rg7
20. Bf3 Qb8 21. Nb4 $2 (21. O-O Qe5 22. Nf6+) 21... Qe5+ 22. Qxe5 Nxe5 $11 23.
Bb7 Rc4 24. Rxc4 Nxc4 25. Bxa6 Nxb2 26. Bxb5+ Kd8 27. Ke2 e5 28. a3 Rb7 29. c4
e4 30. f3 exf3+ 31. gxf3 Bxb4 32. axb4 Nxc4 33. Rd1+ Ke7 34. Bxc4 Rxb4 35. Bg8
Rb2+ 36. Rd2 Rxd2+ 37. Kxd2 h6 38. Ke3 g5 39. h3 Kf6 40. Bc4 Kg6 41. Bf1 Kf6
42. Kd4 g4 43. f4 g3 44. Bg2 h5 45. h4 Ke6 46. Kc5 Kf6 47. Kd5 1-0

[Event "Mechanics' Winter TNM; G/2"]
[Site "San Francisco"]
[Date "2016.02.16"]
[Round "7.20"]
[White "Dupree, Charles"]
[Black "Gerwin, Gene"]
[Result "0-1"]
[WhiteElo "1630"]
[BlackElo "1859"]
[PlyCount "82"]
[EventDate "2016.??.??"]

1. e4 b6 2. d4 Bb7 3. Nc3 e6 4. Bd3 Bb4 5. a3 Bxc3+ 6. bxc3 Nf6 7. Qe2 d5 8. e5
Nfd7 9. Nf3 h6 10. Be3 a5 11. c4 c6 12. cxd5 cxd5 13. O-O Ba6 14. Rab1 O-O 15.
Ne1 Bxd3 16. Nxd3 Na6 17. Nb2 Nc7 18. Na4 b5 19. Nc3 Rb8 20. Nxb5 Nxb5 21. Rxb5
Qc7 22. Rfb1 Nb6 23. a4 Nxa4 24. Qd3 Nc3 25. Rxb8 Rxb8 26. Rb3 Nb1 27. Rxb8+
Qxb8 28. Qb3 Qb4 29. Kf1 Nd2+ 30. Bxd2 Qxd2 31. c3 Qc1+ 32. Ke2 Qa1 33. Kd2 a4
34. Qb8+ Kh7 35. Kc2 Qf1 36. Qb1 Qxf2+ 37. Kc1+ g6 38. Qc2 Qg1+ 39. Kb2 Qxh2
40. Ka3 h5 41. Qxa4 Qxg2 0-1

[Event "Mechanics' Winter TNM; G/2"]
[Site "San Francisco"]
[Date "2016.01.05"]
[Round "1.6"]
[White "Dupree, Charles"]
[Black "Stearman, Josiah P"]
[Result "0-1"]
[WhiteElo "1630"]
[BlackElo "2203"]
[PlyCount "58"]
[EventDate "2016.??.??"]

1. d3 d5 2. c3 c5 3. Nd2 Nc6 4. e4 Nf6 5. Qc2 e5 6. Ngf3 d4 7. Be2 Bg4 8. h3
Be6 9. O-O Bd6 10. Ng5 Qd7 11. Nxe6 Qxe6 12. Nc4 O-O 13. Nxd6 Qxd6 14. f4 dxc3
15. bxc3 Nd4 16. Qb2 Nxe2+ 17. Qxe2 Rad8 18. fxe5 Qxe5 19. Bb2 c4 20. d4 Qxe4
21. Qxc4 Qe3+ 22. Kh2 Rc8 23. Qb5 Ne4 24. Rf3 Qd2 25. Qb3 b6 26. Raf1 Rc7 27.
Bc1 Qe2 28. Ba3 Nd2 29. Rxf7 Rfxf7 0-1

[Event "Mechanics' Spring TNM; G/2"]
[Site "San Francisco"]
[Date "2016.03.22"]
[Round "2.38"]
[White "Dupree, Charles"]
[Black "Touset, Stephen"]
[Result "0-1"]
[WhiteElo "1630"]
[BlackElo "1152"]
[PlyCount "44"]
[EventDate "2016.??.??"]

1. e4 d6 2. c4 c5 3. Ne2 Nf6 4. Nbc3 Bg4 5. f3 Be6 6. d4 cxd4 7. Nxd4 Bd7 8.
Be3 g6 9. Nd5 Bg7 10. Qd2 Nc6 11. g3 Ne5 12. Bh6 Bxh6 13. Qxh6 Qa5+ 14. b4 Qa3
15. Qe3 Qb2 16. Nxf6+ exf6 17. Nb3 Ba4 18. Rc1 Qxa2 19. Na5 Qb2 20. b5 Nxf3+
21. Qxf3 Qxc1+ 22. Ke2 Bd1+ 0-1

[Event "Mechanics' Winter TNM; G/2"]
[Site "San Francisco"]
[Date "2016.02.02"]
[Round "5.19"]
[White "Dupree, Chuck"]
[Black "Ebert, John"]
[Result "0-1"]
[WhiteElo "1630"]
[BlackElo "1770"]
[Annotator "Donaldson"]
[PlyCount "112"]
[EventDate "2016.??.??"]

{One of the most exciting games of the round!} 1. e4 e6 2. d4 d5 3. Nd2 Nf6 4.
e5 Nfd7 5. Bd3 c5 6. c3 Nc6 7. Ne2 c4 8. Bc2 b5 9. O-O Bb7 10. f4 Qb6 11. Kh1
O-O-O 12. f5 Re8 13. Nf4 Nd8 14. fxe6 Nxe6 15. Nxe6 fxe6 16. Rf7 Qd8 17. Nf3
Re7 18. Bg5 Qe8 19. Rf4 Rf7 20. Rh4 Be7 21. Rxh7 Rxf3 22. Bxe7 Rxh7 23. Bxh7
Rf2 24. Qe1 Rf4 25. Qg3 Qf7 26. Kg1 Qxe7 27. Qxf4 g5 28. Qg4 Qxh7 29. Qxg5 (29.
Qxe6 $1) 29... Bc6 30. Rf1 Kc7 31. Qd2 Qg6 32. h3 Qh7 33. Kh2 a5 34. g4 Qg7 35.
Qf2 b4 36. Kg3 Kb6 37. h4 Kb5 38. g5 (38. Qf7 $1) 38... Qg6 39. Qe2 Kb6 40. Kg4
Qg7 41. h5 Ba4 42. g6 Bb5 43. Rf7 Qg8 44. Qd2 Nf8 45. Qg5 Nd7 46. h6 a4 {
Diagram [#]} 47. cxb4 (47. h7 Qh8 48. g7 Qxh7 49. g8=Q $18) 47... a3 48. bxa3 (
48. h7 Qh8 49. g7 $18) 48... c3 49. Rf1 $4 (49. h7 Qh8 50. g7) 49... Bxf1 50.
g7 $4 (50. h7 Qf8 (50... Qh8 51. g7) (50... Qg7 51. Qd8+) 51. g7 Be2+ 52. Kh4
Qf2+ 53. Qg3 Qxd4+ 54. Kh3 Bg4+ 55. Qxg4 Qd3+ 56. Kg2 Qd2+ 57. Kh3 Qd3+ $11)
50... c2 51. Qc1 Be2+ 52. Kh3 Bd3 53. a4 Qf7 54. a5+ Ka7 55. Qe3 Qf1+ 56. Kh2
Bh7 0-1

[Event "Mechanics' Winter TNM; G/2"]
[Site "San Francisco"]
[Date "2016.01.19"]
[Round "3.28"]
[White "Eastham, Asher"]
[Black "Hack, Richard"]
[Result "1-0"]
[WhiteElo "1499"]
[BlackElo "1654"]
[Annotator "Donaldson"]
[PlyCount "33"]
[EventDate "2016.??.??"]

1. e4 e5 2. Nf3 Nc6 3. Bc4 Bc5 4. c3 Nf6 5. d4 exd4 6. cxd4 Bb4+ 7. Bd2 Nxe4 8.
Bxb4 d5 $4 (8... Nxb4 9. Bxf7+ Kxf7 10. Qb3+ d5) 9. Bb5 Qf6 10. O-O Bg4 11.
Bxc6+ bxc6 12. Nbd2 Rb8 13. a3 Ng5 14. Qe1+ Kd8 15. Nxg5 Qxg5 16. Qe5 Qxe5 17.
dxe5 {and White went on to win.} 1-0